Southville International School and Colleges
Your cart is empty.
  • Cart
  • Lists
    Public lists Eva Luna New books Lux_list list_1
    Your lists Log in to create your own lists
  • Log in to your account
  • Your cookies
  • Search history
Southville International School and Colleges
  • Advanced search
  • Recent comments
  • Most popular
  • Libraries

Log in to your account

Log in with GOOGLE


If you do not have an external account, but do have a local account, you can still log in:

  1. Home
  2. MARC view: 300k Filipinos at risk in Trump's immigration policy -- Yasay/
Normal view MARC view ISBD view

300k Filipinos at risk in Trump's immigration policy -- Yasay/ (Record no. 362114)

[ view plain ]
MARC details
000 -LEADER
fixed length control field 00535nam a2200169Ia 4500
008 - FIXED-LENGTH DATA ELEMENTS--GENERAL INFORMATION
fixed length control field 190912s9999 xx 000 0 und d
100 ## - MAIN ENTRY--PERSONAL NAME
Personal name Andrade, Jeanette I.
245 ## - TITLE STATEMENT
Title 300k Filipinos at risk in Trump's immigration policy -- Yasay/
245 ## - TITLE STATEMENT
Statement of responsibility, etc Jeanette I. Andrade
260 ## - PUBLICATION, DISTRIBUTION, ETC. (IMPRINT)
Name of publisher, distributor, etc Philippine Daily Inquirer
260 ## - PUBLICATION, DISTRIBUTION, ETC. (IMPRINT)
Date of publication, distribution, etc 2017
300 ## - PHYSICAL DESCRIPTION
Extent March 8
440 ## - SERIES STATEMENT/ADDED ENTRY--TITLE
Title Philippine Daily Inquirer
650 ## - SUBJECT ADDED ENTRY--TOPICAL TERM
Topical term or geographic name as entry element Donald Trump -- President -- United States
650 ## - SUBJECT ADDED ENTRY--TOPICAL TERM
Topical term or geographic name as entry element Emmigration and immigration law
650 ## - SUBJECT ADDED ENTRY--TOPICAL TERM
Topical term or geographic name as entry element Law -- United States
Holdings
Withdrawn status Lost status Damaged status Home library Current library Date acquired Total Checkouts Date last seen Price effective from Koha item type
      Luxembourg Library Luxembourg Library 09/12/2019   09/12/2019 09/12/2019 Periodicals

300k Filipinos at risk in Trump's immigration policy -- Yasay/

APA

Andrade J. I., .300k Filipinos at risk in Trump's immigration policy -- Yasay. : Philippine Daily Inquirer.

Chicago

Andrade Jeanette I, .300k Filipinos at risk in Trump's immigration policy -- Yasay. : Philippine Daily Inquirer.

Harvard

Andrade J. I., .300k Filipinos at risk in Trump's immigration policy -- Yasay. : Philippine Daily Inquirer.

MLA

Andrade Jeanette I, .: Philippine Daily Inquirer. .

  • Place hold
  • Print
  • Cite
  • Add to your cart (remove)
  • Save record
    BIBTEX Dublin Core MARCXML MARC (non-Unicode/MARC-8) MARC (Unicode/UTF-8) MARC (Unicode/UTF-8, Standard) MODS (XML) RIS
  • More searches
    Search for this title in:
    Other Libraries (WorldCat) Other Databases (Google Scholar) Online Stores (Bookfinder.com) Open Library (openlibrary.org)

Exporting to Dublin Core...

SOUTHVILLE LIBRARY

Southville International School and Colleges Library

1281 Tropical Ave. Cor. Luxembourg St., BF Homes International, Las Pinas City

Tel. No. 8256374 / 252358 Loc. 117/146

Powered by Koha